000 00532nam#a2200217#c#4500
003 IEF
005 20180219162708.0
008 941205s1981 uuu####fr####| 0||u| |u
020 _a8820711230
040 _aIEF
100 1 _aIrace, Antonia
_922327
245 _aReddito e patrimonio nella informazione contabile
260 _a[Napoli]
_b Liguori
_c1981
300 _a139 p.
_c 22 cm.
500 _aIndices
650 4 _aCONTABILIDAD
_940740
650 4 _aESTUDIOS
_943582
942 _cLIB
942 _z23786
999 _c75169
_d75169